Уральский государственный архитектурно-художественный университет (Запись № 10955157)

Подробности
000 -МАРКЕР
контрольное поле 02385nam0a2200349 i 4500
001 - ИДЕНТИФИКАТОР ЗАПИСИ
контрольное поле RU\NLR\BIBL_A\011615272
005 - ИДЕНТИФИКАТОР ВЕРСИИ
контрольное поле 20260405154853.0
010 ## - МЕЖДУНАРОДНЫЙ СТАНДАРТНЫЙ НОМЕР КНИГИ (ISBN)
Номер (ISBN) 9785740802084
Тираж 500
021 ## - НОМЕР ГОСУДАРСТВЕННОЙ РЕГИСТРАЦИИ
Код страны российская федерация
Номер 2017-101547
Номер Листа государственной регистраци 7325
035 ## - ДРУГИЕ СИСТЕМНЫЕ НОМЕРА
Идентификатор записи (RuMoRGB)009504402
035 ## - ДРУГИЕ СИСТЕМНЫЕ НОМЕРА
Идентификатор записи (NLR Aleph) 011615272
100 ## - ДАННЫЕ ОБЩЕЙ ОБРАБОТКИ
Данные общей обработки 20180131d2017 u y0rusy50 ca
101 0# - ЯЗЫК РЕСУРСА
Язык текста, звукозаписи и т.д. русский
102 ## - СТРАНА ПУБЛИКАЦИИ ИЛИ ПРОИЗВОДСТВА
Страна публикации российская федерация
105 ## - ПОЛЕ КОДИРОВАННЫХ ДАННЫХ: ТЕКСТОВЫЕ МАТЕРИАЛЫ, МОНОГРАФИЧЕСКИЕ
Кодированные данные о монографическом текстовом документе acb|e|||000zd
200 1# - ЗАГЛАВИЕ И СВЕДЕНИЯ ОБ ОТВЕТСТВЕННОСТИ
Основное заглавие Уральский государственный архитектурно-художественный университет
Параллельное заглавие The Ural state university of architecture and art
Сведения, относящиеся к заглавию энциклопедический словарь
Первые сведения об ответственности Министерство образования и науки Российской Федерации, Федеральное государственное бюджетное образовательное учреждение высшего образования "Уральский государственный архитектурно-художественный университет" (УрГАХУ)
Последующие сведения об ответственности [редакционный совет: главный редактор В.А. Блинов, к.т.н., проф. и др.]
Язык параллельного заглавия английский
210 ## - ПУБЛИКАЦИЯ, РАСПРОСТРАНЕНИЕ И ДР.
Место издания, распространения и т.д. Екатеринбург
Имя издателя, распространителя и т. д. Архитектон
Дата издания, распространения и т.д. 2017
215 ## - ФИЗИЧЕСКАЯ ХАРАКТЕРИСТИКА
Специфическое обозначение материала и объем 397, [1] с., [36] л. ил., цв. ил., портр., карт.
Другие сведения о физической характеристике ил., портр.
Размеры 25
320 ## - ПРИМЕЧАНИЯ О НАЛИЧИИ В ДОКУМЕНТЕ БИБЛИОГРАФИИ / УКАЗАТЕЛЯ
Текст примечания Библиогр.: с. 357-394 (39 назв.) и в конце ст.
510 1# - ПАРАЛЛЕЛЬНОЕ ЗАГЛАВИЕ
Параллельное заглавие Ural state university of architecture and art
Язык заглавия английский
601 02 - НАИМЕНОВАНИЕ ОРГАНИЗАЦИИ КАК ПРЕДМЕТ
Начальный элемент ввода Уральский государственный архитектурно-художественный университет
Идентифицирующий признак Екатеринбург, город
Формальный подзаголовок Словари
Системный номер авторитетной/нормативной записи 2306692
Идентификатор авторитетной/нормативной записи RU\NLR\AUTH\6601606775
686 ## - ИНДЕКСЫ ДРУГИХ КЛАССИФИКАЦИЙ
Индекс Н.р(2)3-5я2
Код системы
686 1# - ИНДЕКСЫ ДРУГИХ КЛАССИФИКАЦИЙ
Индекс Ч488.758.814(2Р)7я21
702 #1 - ИМЯ ЛИЦА - ВТОРИЧНАЯ ОТВЕТСТВЕННОСТЬ
Код отношения Редактор
Материалы, к которым относится поле rus
Графика поля Кириллица
Начальный элемент ввода Блинов
Часть имени, кроме начального элемента ввода В. А.
Дополнения к именам, кроме дат писатель, архитектор
Даты 1938-
Расширение инициалов личного имени Владимир Александрович
Идентификатор авторитетной/нормативной записи RU\NLR\AUTH\7765758
Системный номер авторитетной/нормативной записи 48687
710 02 - НАИМЕНОВАНИЕ ОРГАНИЗАЦИИ - ПЕРВИЧНАЯ ОТВЕТСТВЕННОСТЬ
Начальный элемент ввода Уральский государственный архитектурно-художественный университет
Идентифицирующий признак Екатеринбург
Системный номер авторитетной/нормативной записи 523923
Идентификатор авторитетной/нормативной записи RU\NLR\AUTH\880429769
942 ## - ДОПОЛНИТЕЛЬНЫЕ ЭЛЕМЕНТЫ ЗАПИСИ (АБИС)
Тип экземпляра АБИС Книга
980 ## - КОЛЛЕКЦИЯ
Название коллекции НБР

Нет доступных экземпляров.